00252nam a2200085Ia 4500008004100000100006100041245003100102260002700133300000600160201231s9999 xx 000 0 und d aBader, Gloria E., Bloom, Audrey E. and Chang, Richard Y. 0aMeasuring Team Performance aNew DelhibWheeler pub a0